He perdido la fe: conferencias sobre la incredulidad
Збережено в:
| Автор: | |
|---|---|
| Формат: | Книга |
| Мова: | Іспанська |
| Опубліковано: |
Madrid
Administración de Razón y Fe
1910
|
| Редагування: | 1a. ed |
| Предмети: | |
| Теги: |
Додати тег
Немає тегів, Будьте першим, хто поставить тег для цього запису!
|
MARC
| LEADER | 00000cam a2200000 a 4500 | ||
|---|---|---|---|
| 001 | UCD0654 | ||
| 003 | CL-VaPUC | ||
| 008 | 151204e19100000sp |||||||||||||||||spa|d | ||
| 082 | 0 | 4 | |a 281 |b RUI |2 21 |
| 100 | 0 | |a Ruiz Amado, Ramón |e author |9 583612 | |
| 245 | 1 | 0 | |a He perdido la fe: conferencias sobre la incredulidad |
| 250 | |a 1a. ed | ||
| 300 | |a 274 p | ||
| 942 | |c BK | ||
| 945 | |d 20151204 12:43:00 |a gsalatino | ||
| 260 | |a Madrid |b Administración de Razón y Fe |c 1910 | ||
| 600 | 0 | |a Dios |9 314467 | |
| 650 | 0 | |a Fe |9 308036 | |
| 650 | 7 | |a HOMBRE |2 CL-VaPUC |9 262149 | |
| 650 | 0 | |a Espiritualidad |9 267331 | |
| 650 | 0 | |a Creencias |9 313510 | |
| 583 | |a last modification |c 20151204 12:43:00 |k Rodrigo Vera | ||
| 999 | |c 362117 |d 362115 | ||
| 952 | |0 0 |1 0 |3 erd |4 0 |6 281_000000000000000_RUI_1910 |7 0 |8 P |9 472994 |a BIBTEO |b BIBTES |c TEO_FTES |i 5272807 |o 281 RUI 1910 |p 5272807 |r 2024-01-18 |w 2019-11-24 |y BK |z Catalogado en:20151204 |k ICR | ||